Online
Catalog

Conductas de los escolares españoles relacionadas con la salud (1986-1990) / (Record no. 40573)

MARC details
000 -CABECERA
campo de control de longitud fija 00910nam a2200241 a 4500
001 - NÚMERO DE CONTROL
campo de control 000041083
005 - FECHA Y HORA DE LA ÚLTIMA TRANSACCIÓN
campo de control 20201002034614.0
008 - DATOS DE LONGITUD FIJA--INFORMACIÓN GENERAL
campo de control de longitud fija 130917s1994 sp d 000 0 spa d
020 ## - NÚMERO INTERNACIONAL ESTÁNDAR DEL LIBRO
Número Internacional Estándar del Libro 8400073916
040 ## - FUENTE DE LA CATALOGACIÓN
Centro catalogador/agencia de origen DO-SdBNP
Lengua de catalogación spa
Centro/agencia transcriptor BNPHU
082 ## - NÚMERO DE LA CLASIFICACIÓN DECIMAL DEWEY
Número de clasificación xxxx
Número de documento/Ítem xxxx
100 1# - ENTRADA PRINCIPAL--NOMBRE DE PERSONA
Nombre de persona Mendoza Berjano, Ramón
9 (RLIN) 67593
245 10 - MENCIÓN DE TÍTULO
Título Conductas de los escolares españoles relacionadas con la salud (1986-1990) /
Mención de responsabilidad, etc. Ramón Mendoza Berjano, María Reyes Sagrera Pérez, Joan Manuel Batista Foguet.
260 ## - PUBLICACIÓN, DISTRIBUCIÓN, ETC.
Lugar de publicación, distribución, etc. Madrid, :
Nombre del editor, distribuidor, etc. CSIC,
Fecha de publicación, distribución, etc. 1994.
300 ## - DESCRIPCIÓN FÍSICA
Extensión 494 p. :
Otras características físicas diagr. ;
Dimensiones 24 cm.
490 1# - MENCIÓN DE SERIE
Mención de serie Politeya
490 1# - MENCIÓN DE SERIE
Mención de serie Estudios de economía y sociedad
Designación de volumen o secuencia 5
504 ## - NOTA DE BIBLIOGRAFÍA, ETC.
Nota de bibliografía, etc. Incluye referencias bibliográficas y notas al pie de la páginas
700 1# - PUNTO DE ACCESO ADICIONAL--NOMBRE DE PERSONA
Nombre de persona Sagrera Pérez, María Reyes
9 (RLIN) 67594
700 1# - PUNTO DE ACCESO ADICIONAL--NOMBRE DE PERSONA
Nombre de persona Baatista Foguet, Joan Manuel
9 (RLIN) 67595
830 #0 - PUNTO DE ACCESO ADICIONAL DE SERIE-TÍTULO UNIFORME
Título uniforme Politeya
9 (RLIN) 67596
830 #0 - PUNTO DE ACCESO ADICIONAL DE SERIE-TÍTULO UNIFORME
Título uniforme Estudios de economía y sociedad
Número de parte o sección de la obra 5
9 (RLIN) 67597
Holdings
Estado de retiro Estado de pérdida Restricciones de uso No para préstamo Código de colección Localización permanente Ubicación/localización actual Ubicación en estantería Fecha de adquisición Número de inventario Total de préstamos Signatura topográfica completa Código de barras Fecha visto por última vez Precio válido a partir de Tipo de ítem Koha
      Excluido de préstamo Monografías: Libros y Folletos General General Depósito 17.09.2013 LF1   xxxx xxxx 41083-10 25.06.2020 25.06.2020 No se presta

Powered by Koha